00333nam a2200121Ia 4500008004100000100003700041245004800078260004100126300000800167650001200175942000700187999001700194190216s9999||||xx |||||||||||||| ||und|| a"Klaffer Richard D, Chemklewski" 0aRobotic Engineering- An Integrated Approach bPrentice Hall Of India Pvt Ltdc2003 a740 aPhysics cBK c33819d33819